000
00342nam a2200157Ia 4500
100
_a
Rubinger/Andrew Lee
650
_a
Java Beans
942
_c
BK
366
_f
20
245
_a
Enterprise Java Beans 3.1
260
_b
Shroff Publishers
_c
2010
082
_a
005.133'
_b
RUB
300
_a
738
546
_a
ENGLISH
_c
Computers
999
_c
18646
_d
18646